Further results on long-run purchasing power parity in the 1920s.

Opätovne sa skúma dlhodobá parita kúpnej sily pre menový kurz dolár/libra v 20. rokoch za použitia kointegračnej regresie troch premenných a novej štatistiky v tabulárnom spracovaní Englea a Yoo (1987).

Salvato in:
Dettagli Bibliografici
Autore principale: Ahking, F.W
Natura: Capitolo di libro
Lingua:inglese
Soggetti:
Tags: Aggiungi Tag
Nessun Tag, puoi essere il primo ad aggiungerne!!

MARC

LEADER 00000naa a2200000 4500
001 r001221
005 20220819182931.5
041 0 |a eng 
044 |a GB 
245 1 0 |a Further results on long-run purchasing power parity in the 1920s.  |c F.W. Ahking 
520 |a Opätovne sa skúma dlhodobá parita kúpnej sily pre menový kurz dolár/libra v 20. rokoch za použitia kointegračnej regresie troch premenných a novej štatistiky v tabulárnom spracovaní Englea a Yoo (1987). 
610 2 0 |a parita menová 
610 2 0 |a sila kúpna peňazí 
610 2 0 |a kurz menový 
610 2 0 |a dolár 
610 2 0 |a libra 
610 2 0 |a tabuľky štatistické 
610 2 0 |a 1921-1930 
100 1 |a Ahking, F.W.